000 00649nam a2200193Ia 4500
003 GCL
008 140319s9999 xx 000 0 ara d
040 _aGCL /
_cGCL
082 0 4 _a214
_bع ا
100 1 _aعمرو عبدالمنعم
245 1 0 _aالاداب الشرعية للنساء فى طلب العلم /
_cعمرو عبدالمنعم
260 _a[S.N] :
_bمؤسسة قرطبة ،
_c1993
300 _a163 ص
490 _aسلسلة الاداب الشرعية للنساء
_v0
650 0 4 _aالنساء فى الاسلام
650 0 4 _aتجارب المراة
650 0 4 _aالمرأة فى الاسلام
942 _2ddc
_cBK
999 _c53637
_d53637